Central Library OPAC University of Rajshahi

Education and political development / (Record no. 35618)

MARC details
000 -LEADER
fixed length control field 01193nam a22003011 4500
001 - CONTROL NUMBER
control field 35618
003 - CONTROL NUMBER IDENTIFIER
rucl marc code BD-RjUL
005 - DATE AND TIME OF LATEST TRANSACTION
control field 20211209052343.0
008 - FIXED-LENGTH DATA ELEMENTS--GENERAL INFORMATION
fixed length control field 140528r19671965nju b 101 0 eng
035 ## - SYSTEM CONTROL NUMBER
System control number (BD-RjUL)35713
040 ## - CATALOGING SOURCE
Original cataloging agency DLC
Transcribing agency DLC
Modifying agency BD-RjUL
Language of cataloging eng
041 ## - LANGUAGE CODE
Language code of text/sound track or separate title eng
082 00 - DEWEY DECIMAL CLASSIFICATION NUMBER
Classification number 370.19
Author mark and year EDU 1967
245 10 - TITLE STATEMENT
Title Education and political development /
Statement of responsibility, etc. Edited by James S. Coleman ... [et al.]
260 ## - PUBLICATION, DISTRIBUTION, ETC. (IMPRINT)
Place of publication, distribution, etc. Princeton ; N.J. :
Name of publisher, distributor, etc. Princeton University Press,
Date of publication, distribution, etc. c1965 [reprint 1967].
300 ## - PHYSICAL DESCRIPTION
Pagination xii, 620 p. ;
Size 24 cm.
490 1# - SERIES STATEMENT
Series statement Studies in political development,
Volume/sequential designation 4
500 ## - GENERAL NOTE
General note Papers presented at a seminar held at the Lake Arrowhead Conference Center of the University of California at Los Angeles, June 25-29, 1962, sponsored by the Committee on Comparative Politics of the Social Science Research Council.
504 ## - BIBLIOGRAPHY, ETC. NOTE
Bibliography, etc Includes Bibliography and index.
650 #0 - SUBJECT ADDED ENTRY--TOPICAL TERM
Topical term or geographic name as entry element Education.
9 (RLIN) 108455
Topical term or geographic name as entry element Newly independent states.
9 (RLIN) 108456
Topical term or geographic name as entry element Political development.
9 (RLIN) 108457
700 1# - ADDED ENTRY--PERSONAL NAME
Personal name Coleman, James Smoot
Dates associated with a name 1935-
830 1# - SERIES ADDED ENTRY--UNIFORM TITLE
Uniform title Studies in political development, 4
942 ## - ADDED ENTRY ELEMENTS (KOHA)
Source of classification or shelving scheme Dewey Decimal Classification
Koha item type Books
Holdings
Lost status Source of classification or shelving scheme Damaged status Not for loan Collection code Permanent Location Current Location Shelving location Date acquired Source of acquisition Cost, normal purchase price Total Checkouts Full call number Date last seen Copy number Koha item type
  Dewey Decimal Classification   Not For Loan Non-fiction Central Library, University of Rajshahi Central Library, University of Rajshahi Reading Room 02/10/1968 Zeitlinger 95.00   370.19 EDU 1967 28/05/2014 C-1 Books